Countries Jpegmafia has Visited - Statistics

General Stats
  • This quiz has been taken 78 times
    12 since last reset
  • The average score is 23 of 27
Answer Stats
Continenr Country % Correct
Europe Ireland
100%
Europe United Kingdom
100%
North America United States of America
100%
Oceania Australia
91%
South America Brazil
91%
North America Canada
91%
Asia China
91%
Europe Denmark
91%
Europe Finland
91%
Europe France
91%
Europe Germany
91%
Asia India
91%
Europe Italy
91%
Asia Japan
91%
North America Mexico
91%
Oceania New Zealand
91%
Europe Spain
91%
Europe Sweden
91%
South America Chile
82%
Europe Portugal
82%
Europe Austria
73%
Europe Belgium
73%
Europe Netherlands
73%
Europe Poland
73%
Europe Switzerland
64%
Europe Slovakia
55%
Asia Kuwait
27%
No matching quizzes found
Score Distribution
Percent of People with Each Score
Percentile by Number Answered
Your Score History
You have not taken this quiz since the last reset